书目信息 |
| 题名: |
方法科学手册
|
|
| 作者: | 袁运开 主编 | |
| 分册: | ||
| 出版信息: | 上海 上海科学技术出版社 1989.7 |
|
| 页数: | 507 | |
| 开本: | 20cm | |
| 丛书名: | 交叉学科手册丛书 | |
| 单 册: | ||
| 中图分类: | G3-62 | |
| 科图分类: | ||
| 主题词: | 方法论--手册 , 科学 , 科学研究 | |
| 电子资源: | ||
| ISBN: | 7-5323-1073-6 | |
| 000 | 00929nam2 2200277 45 | |
| 001 | 0190016909 | |
| 005 | 20061026152258.92 | |
| 010 | @a7-5323-1073-6@dCNY7.30 | |
| 100 | @a19921223d1989 ekmy0chiy0121 ea | |
| 101 | 0 | @achi |
| 102 | @aCN@b310000 | |
| 105 | @ay z 000yy | |
| 200 | 10 | @a方法科学手册@AFANG FA KE XUE SHOU CE@f袁运开等主编@FYUAN YUN KAI DENG ZHU BIAN |
| 210 | @a上海@c上海科学技术出版社@d1989.7 | |
| 215 | @a507@d20cm | |
| 225 | 2 | @a交叉学科手册丛书@f舒 文主编 |
| 330 | @a本书是一本中型工具书,介绍了方法科学的概念范畴、原理、阐述了自然科学到社会科学,从预测与决策到人的自我完善与突破中各类方法的最新研究成果等内容 | |
| 410 | 0 | @120010@a交叉学科手册丛书 |
| 540 | 1 | @a方法 科学 手册@AFANG FA KE XUE SHOU CE |
| 606 | @a方法论@x手册 | |
| 606 | 0 | @a科学 |
| 606 | 0 | @a科学研究 |
| 690 | @aG3-62@v3 | |
| 701 | 0 | @a袁运开@AYUAN YUN KAI@4主编 |
| 801 | 0 | @aCN@bTSSF@c20061026 |
| 905 | @a10447@dG3-62@e74 | |
| 方法科学手册/袁运开等主编.-上海:上海科学技术出版社,1989.7 |
| 507;20cm.-(交叉学科手册丛书/舒 文主编) |
| ISBN 7-5323-1073-6:CNY7.30 |
| 本书是一本中型工具书,介绍了方法科学的概念范畴、原理、阐述了自然科学到社会科学,从预测与决策到人的自我完善与突破中各类方法的最新研究成果等内容 |
| ● |
| 相关链接 |
|
|
|
|
正题名:方法科学手册
索取号:G3-62/74
 
预约/预借
| 序号 | 登录号 | 条形码 | 馆藏地/架位号 | 状态 | 备注 |
| 1 | 0227539 | 002059435 | 第一样本阅览室/ [索取号:G3-62/74] | 在馆 |